000 00860nac a22002537a 4500
001 BR6600232
003 BR-BrBNA
005 20240105113308.0
008 230509b bl.|||m| |||| 00| 0 por d
040 _aBR-BrBNA
_bpor
_cBiblioteca Nacional de Agricultura
072 _aF70
090 _aF70 BR6600232
100 1 _aLima, D. de A.
110 1 _aInstituto de Pesquisas Agronomicas de Pernambuco, Recife (Brasil)
_96135
245 1 _aContribuicao ao estudo do papalelismo da flora Amazonica - Nordestina [Cerrado; Brasil]
260 3 _aRecife, PE (Brasil):
_c1966.
300 _a30 p.
490 _aBoletim Tecnico - Instituto de Pesquisas Agronomicas de Pernambuco (Brazil)
_vno. 19
_x
500 _aSummaries (En, Pt); 12 ref.
650 _aFLORA
650 _aCERRADO
909 _a202312
_bLúcia Elande
_c55
_dLúcia Elande
942 _2AGRIS
_n0
_cMS
999 _c262943
_d262943